1289 1636 1168 1314 1256 1671 1299 1332 1870 1059 1949 1617 1586 1594 1006 1851 1237 1296 1622 1856 1969 1354 1170 1234 1007 1315 1683 1838 1539 1624 1690 1842 1961 1332 1747 1462 1715 1983 1503 1926 1511 1466 1172 1462 1734 1257 1560 1351 1236 1104 1873 1698 1382 1473 1899 1396 1639 1604 1165 1523 1152 1323 1879 1233 1359 1097 1903 1819 1477 1171 1690 1785 1429 1140 1455 1493 1443 1318 1492 1436 1889 1082 1329 1076 1193 1180 1815 1212 1354 1838 1014 1415 1147 1779 1285 1490 1748 1966 1475 BCNSPRNW ULIB Ver.6.0+V

เปลี่ยนเป็นภาษาไทย

Change to English
 แสดงรายละเอียดบรรณานุกรม
  กลับหน้าหลัก

Brief Record : Get Marc (ISO 2709) : E-mail record : QR code < ปิดหน้าต่าง
LEADER : 00000nam 2200000uu 4500
001    13399128037
003     ULIB
008    220118s2563||||th 000 0 tha d
020    ^a9786165657150
050  4 ^aPE1128^bส698c
100 0  ^aสำราญ คำยิ่ง
245 10 ^aComplete your English grammar with advanced English grammar for high learners /^cสำราญ คำยิ่ง
246 30 ^aAdvanced English grammar for high learners
250    ^aพิมพ์ครั้งที่ 6
260    ^aกรุงเทพฯ :^bห้างหุ้นส่วนจำกัด วี.เจ.พริ้นติ้ง,^c2563
300    ^a728 หน้า ;^c27 ซม.
505 0  ^aGrammar review and terminology -- Nouns -- Number of nouns-- Articles -- Pronouns -- Verbs -- Adverbs -- Adjective -- Propositions and idioms -- Conjunctions -- Questionwords -- Agreement of subjects and verbs -- Tenses --Active and passive voice -- Direct and indirect speech --Non-finite verbs -- If-sentence and subjunctive --Sequence of tense -- Sentences, clauses and phrases --Relative clauses -- Question tag -- Inversion of verb andadverb -- Word building -- The use of confused words --Compound words -- Interjection -- Combination of sentences-- Comparison of adjectives and adverbs -- The use ofgenitive (s, of) -- Number and how to read --Punctuations and capitalization -- Pronunciation --ตัวอย่างข้อสอบภาษาอังกฤษเข้ามหาวิทยาลัย ปีการศึกษา 2528พร้อมเฉลยอย่างละเอียด
650  0 ^aEnglish language^vExaminations, questions, etc.
650  0 ^aEnglish language^xGrammar
650  0 ^aEnglish language^xUsage
650  4 ^aภาษาอังกฤษ^vข้อสอบและเฉลย
650  4 ^aภาษาอังกฤษ^xไวยากรณ์
650  4 ^aภาษาอังกฤษ^xการใช้ภาษา
945    ^p220^l0^i29182
999    ^aกัณชพร จุลอักษร
รายการนี้ยังไม่มีแท็ก
คุณยังไม่ได้ล็อกอิน คุณสามารถมีกิจกรรมร่วมกับเว็บไซต์ได้ แต่ต้องล็อกอินก่อน ::
  ล็อกอิน

รายการสื่อสารสนเทศ

ลำดับที่ ประเภท เลขเรียก/บาร์โค้ด สถานที่ สถานะ
1. วิทยาศาสตร์การแพทย์ และสุขภาพ
วิทยาศาสตร์การแพทย์ และสุขภาพ
PE1128 ส698c ฉ.1 
  Barcode: 29182
ห้องสมุดวิทยาเขตนครสวรรค์
►หนังสือทั่วไป:l:General Books
บนชั้น

รายการใกล้เคียง
    ผู้แต่ง [สำราญ คำยิ่ง]

    หัวเรื่อง [English language Grammar]
    หัวเรื่อง [ภาษาอังกฤษ การใช้ภาษา]

BibComment


ยังไม่เคยถูกคอมเมนท์

คอมเมนท์ทรัพยากรรายการนี้
  คอมเมนท์: Complete your En..


 Copyright 2026. Bcnsprnw @Library